| 000 | 00871nam a2200229Ia 4500 | ||
|---|---|---|---|
| 003 | OSt | ||
| 005 | 20241121142921.0 | ||
| 008 | 210716s2005 xx 000 0 und d | ||
| 020 | _a8178814889 | ||
| 040 | _cAIMIT LIBRARY | ||
| 041 | _aeng | ||
| 082 |
_a001.0726583 _21 _bKANS |
||
| 245 |
_aHRD in competitive business environment : _brealities challenges and practice / _cEdited by Srinivas R Kandula. |
||
| 250 | _a1st ed. | ||
| 260 |
_aHyderabad : _bICFAI University Press , _c2005. |
||
| 300 |
_ax,221,8p. ; _bPB _c25 cm |
||
| 650 |
_aEmerging HRD realities in competitive business environment _9185986 |
||
| 650 |
_aEmerging HRD challenges in competitive business environment _9185987 |
||
| 650 |
_aEmerging HRD practices in competitive business environment _9185988 |
||
| 700 |
_aKandula, Srinivas R., ed. _9185989 |
||
| 942 |
_2ddc _cBK _e1st _k001.0726583 KANS |
||
| 999 |
_c199519 _d199519 |
||